Các món ăn đãi khách

में बचाया:
ग्रंथसूची विवरण
मुख्य लेखक: Triệu Thị Chơi
स्वरूप: पुस्तक
भाषा:Undetermined
प्रकाशित: Hà Nội Phụ Nữ 2004
विषय:
टैग : टैग जोड़ें
कोई टैग नहीं, इस रिकॉर्ड को टैग करने वाले पहले व्यक्ति बनें!
Thư viện lưu trữ: Trung tâm Học liệu Trường Đại học Cần Thơ
LEADER 00511nam a2200193Ia 4500
001 CTU_93014
008 210402s9999 xx 000 0 und d
020 |c 22000 
082 |a 641.5 
082 |b Ch462 
100 |a Triệu Thị Chơi 
245 0 |a Các món ăn đãi khách 
245 0 |c Triệu Thị Chơi 
260 |a Hà Nội 
260 |b Phụ Nữ 
260 |c 2004 
650 |a cookery,vietnamese 
904 |i Truc 
980 |a Trung tâm Học liệu Trường Đại học Cần Thơ